000 00252nam a22001097a 4500
008 170126b xxu||||| |||| 00| 0 eng d
020 _a9780071600231
041 _aeng
080 _22ND
_a61
245 _aCASE FILES FAMILY MEDICINE
_cTOY
942 _2udc
_cBK
999 _c3707
_d3707